[Event "chess.com SpeedChess Q2Sw"]
[Site "chess.com INT"]
[Date "2022.11.12"]
[Round "6"]
[White "Fernandez Guillen, Ernesto J."]
[Black "Biastoch, Bennet"]
[Result "1-0"]
[WhiteTitle "IM"]
[BlackTitle "FM"]
[WhiteElo "2462"]
[BlackElo "2232"]
[WhiteFideId "3512428"]
[BlackFideId "12939889"]
[EventDate "2022.11.12"]

1. e4 c5 2. Nf3 d6 3. d4 cxd4 4. Nxd4 Nf6 5. Nc3 a6 6. Bc4 e6 7. Bb3 b5 8. f3
Be7 9. Be3 O-O 10. Qd2 Nbd7 11. g4 Nc5 12. g5 Ne8 13. h4 Nxb3 14. axb3 Nc7 15.
h5 d5 16. e5 Bb7 17. O-O-O b4 18. Na4 Nb5 19. Rdg1 Rc8 20. g6 fxg6 21. hxg6 Nxd4
22. Bxd4 h6 23. Rxh6 Bg5 24. Rh8+ Kxh8 25. Rxg5 Kg8 26. f4 Rf5 27. Qh2 Rxg5 28.
Qh7+ Kf8 29. Qh8+ Ke7 30. Qxg7+ Ke8 31. Qf7# 1-0

[Event "chess.com SpeedChess Q2Sw"]
[Site "chess.com INT"]
[Date "2022.11.12"]
[Round "6"]
[White "Aditya, Mittal"]
[Black "Matveeva, Olga"]
[Result "1-0"]
[WhiteTitle "IM"]
[BlackTitle "WIM"]
[WhiteElo "2486"]
[BlackElo "2111"]
[WhiteFideId "35042025"]
[BlackFideId "24107018"]
[EventDate "2022.11.12"]

1. c4 e6 2. d4 d5 3. Nc3 Nf6 4. cxd5 exd5 5. Bg5 Be7 6. e3 Nbd7 7. Bd3 c6 8. Qc2
Nh5 9. Bxe7 Qxe7 10. Nge2 g6 11. O-O O-O 12. Rae1 Ndf6 13. Nc1 Ng7 14. f3 Qd6
15. Nb3 Re8 16. e4 dxe4 17. fxe4 Ng4 18. e5 Qe7 19. h3 Nh6 20. Qf2 Bf5 21. Bxf5
Nhxf5 22. g4 Nh4 23. Ne4 g5 24. Nf6+ Kh8 25. Nxe8 Rxe8 26. Qf6 Qxf6 27. exf6 Ne6
28. Nc5 Rd8 29. Nxe6 fxe6 30. Rxe6 1-0

[Event "chess.com SpeedChess Q2Sw"]
[Site "chess.com INT"]
[Date "2022.11.12"]
[Round "6"]
[White "Baskakov, Egor"]
[Black "Sairam, Pranav"]
[Result "1-0"]
[WhiteTitle "CM"]
[WhiteElo "2215"]
[BlackElo "2018"]
[WhiteFideId "24197866"]
[BlackFideId "30951330"]
[EventDate "2022.11.12"]

1. e4 e5 2. Nc3 Nf6 3. g3 Bc5 4. Bg2 O-O 5. Nge2 c6 6. O-O d5 7. exd5 cxd5 8. d4
exd4 9. Nxd4 Nc6 10. Be3 Qb6 11. Na4 Qa5 12. Nxc6 Qxa4 13. Bxc5 Qxc6 14. Bxf8
Kxf8 15. c3 Bf5 16. Qd4 a6 17. Rfe1 Rd8 18. Rad1 Be6 19. c4 Rd7 20. cxd5 Bxd5
21. Qb4+ Kg8 22. Bxd5 Rxd5 23. Rc1 Qd7 24. Qb6 Rb5 25. Qc7 Qxc7 26. Rxc7 h6 27.
b3 Rf5 28. h3 b5 29. Ra7 Nd5 30. Rxa6 Nb4 31. Ra8+ Kh7 32. a4 Nd3 33. Re2 Nc1
34. Re3 b4 35. a5 Rc5 36. a6 Rc3 37. Rxc3 bxc3 38. Rc8 Ne2+ 39. Kh2 Nd4 40. a7
c2 41. a8=Q 1-0

[Event "chess.com SpeedChess Q2Sw"]
[Site "chess.com INT"]
[Date "2022.11.12"]
[Round "6"]
[White "Sipahioglu, Irmak"]
[Black "Barria Zuniga, Daniel"]
[Result "0-1"]
[BlackTitle "IM"]
[WhiteElo "2041"]
[BlackElo "2341"]
[WhiteFideId "6307205"]
[BlackFideId "3400816"]
[EventDate "2022.11.12"]

1. d4 g6 2. c4 Bg7 3. Nc3 c5 4. d5 Bxc3+ 5. bxc3 Qa5 6. Qd3 f5 7. g4 d6 8. gxf5
Bxf5 9. Qd2 Nf6 10. f3 Nbd7 11. Bh3 Ne5 12. Bxf5 gxf5 13. Nh3 O-O-O 14. O-O
Rhg8+ 15. Kh1 Qa4 16. Qf4 Qxc4 17. Qxf5+ Kb8 18. Nf4 Nxd5 19. Nxd5 Qxd5 20. Be3
Rdf8 21. Qc2 Nxf3 0-1

[Event "chess.com SpeedChess Q2Sw"]
[Site "chess.com INT"]
[Date "2022.11.12"]
[Round "6"]
[White "Larina, Maria"]
[Black "Walentukiewicz, Michal"]
[Result "0-1"]
[WhiteTitle "WFM"]
[BlackTitle "CM"]
[WhiteElo "1948"]
[BlackElo "2088"]
[WhiteFideId "24113182"]
[BlackFideId "1126903"]
[EventDate "2022.11.12"]

1. e4 g6 2. d4 Bg7 3. g3 c5 4. Nf3 cxd4 5. Nxd4 Nc6 6. Nxc6 bxc6 7. Bg2 Nf6 8.
O-O O-O 9. e5 Nd5 10. c4 Nb6 11. Na3 Bxe5 12. Bh6 Bg7 13. Bxg7 Kxg7 14. Qd4+ Kg8
15. c5 Nd5 16. Bxd5 cxd5 17. Qxd5 Rb8 18. b3 Bb7 19. Qd4 Qc7 20. Rac1 Rfd8 21.
Nc4 Qc6 22. f3 Qa6 23. Rf2 Bc6 24. Ne5 Qa3 25. Ng4 Qxc1+ 26. Kg2 Qg5 27. h4 Qc1
28. Rd2 f6 29. Nh6+ Kg7 30. Ng4 h5 31. Nf2 a5 32. Re2 Re8 33. Nd3 Qd1 34. Re3
Qd2+ 35. Kh3 e5 36. Qd6 Qxe3 0-1

[Event "chess.com SpeedChess Q2Sw"]
[Site "chess.com INT"]
[Date "2022.11.12"]
[Round "6"]
[White "Jegorovas, Aleksandras"]
[Black "Goroshkov, Maksym"]
[Result "1-0"]
[WhiteTitle "FM"]
[BlackTitle "FM"]
[WhiteElo "2270"]
[BlackElo "2261"]
[WhiteFideId "12801950"]
[BlackFideId "14142716"]
[EventDate "2022.11.12"]

1. d4 Nf6 2. c4 e5 3. dxe5 Ng4 4. Nh3 Nxe5 5. Nf4 Nbc6 6. e3 d6 7. Nc3 Be6 8.
Nxe6 fxe6 9. Be2 Be7 10. O-O O-O 11. f4 Ng6 12. Bg4 Rf6 13. Ne4 e5 14. Nxf6+
Bxf6 15. Be6+ Kh8 16. f5 Nf8 17. Bd5 Nd7 18. Bd2 Nc5 19. Bc3 a5 20. Kh1 a4 21.
Qh5 Ne7 22. Bf7 Ne4 23. Qg4 Nxc3 24. bxc3 b6 25. Rf3 Qf8 26. Be6 Ng8 27. Rh3 Nh6
28. Qh5 Qe8 29. Qf3 Nf7 30. Bxf7 Qxf7 31. Qxa8+ 1-0

[Event "chess.com SpeedChess Q2Sw"]
[Site "chess.com INT"]
[Date "2022.11.12"]
[Round "6"]
[White "Nenezic, Marko"]
[Black "Bouget, Alexandre"]
[Result "1-0"]
[WhiteTitle "IM"]
[BlackTitle "FM"]
[WhiteElo "2510"]
[BlackElo "2268"]
[WhiteFideId "912123"]
[BlackFideId "681318"]
[EventDate "2022.11.12"]

1. d4 Nf6 2. c4 g6 3. Nc3 d5 4. cxd5 Nxd5 5. e4 Nxc3 6. bxc3 Bg7 7. Qa4+ Bd7 8.
Qa3 O-O 9. Nf3 Bc6 10. d5 Bd7 11. Rb1 b6 12. Be2 c6 13. c4 Na6 14. Qxa6 cxd5 15.
cxd5 Qc7 16. O-O e6 17. Ba3 Rfe8 18. Rbc1 Qf4 19. d6 Qxe4 20. Bb5 Bxb5 21. Qxb5
Red8 22. Rc7 Bf8 23. Rxf7 Bxd6 24. Bxd6 Rxd6 25. Rd7 Rxd7 26. Qxd7 Qd5 27. Qe7
Rf8 28. Ng5 1-0

[Event "chess.com SpeedChess Q2Sw"]
[Site "chess.com INT"]
[Date "2022.11.12"]
[Round "6"]
[White "Mikhailov, Viacheslav"]
[Black "Alekseenko, Kirill"]
[Result "0-1"]
[WhiteTitle "IM"]
[BlackTitle "GM"]
[WhiteElo "2428"]
[BlackElo "2687"]
[WhiteFideId "4187369"]
[BlackFideId "4135539"]
[EventDate "2022.11.12"]

1. Nf3 d5 2. g3 Nd7 3. d4 Nb6 4. Bg2 Bf5 5. O-O e6 6. a4 a5 7. Ne5 c6 8. b3 Nf6
9. c4 Be7 10. Nc3 O-O 11. Bf4 h6 12. Re1 Bb4 13. Bd2 dxc4 14. e4 Bh7 15. d5 cxd5
16. exd5 exd5 17. Ng4 d4 18. Nxf6+ Qxf6 19. Ne4 Bxe4 20. Bxb4 Bxg2 21. Bxf8 Bf3
22. Be7 Qf5 0-1

[Event "chess.com SpeedChess Q2Sw"]
[Site "chess.com INT"]
[Date "2022.11.12"]
[Round "6"]
[White "Miszler, Levente"]
[Black "Aghasiyev, Kamal"]
[Result "1-0"]
[WhiteTitle "CM"]
[BlackTitle "IM"]
[WhiteElo "2276"]
[BlackElo "2441"]
[WhiteFideId "763276"]
[BlackFideId "13402854"]
[EventDate "2022.11.12"]

1. Nf3 d5 2. c4 e6 3. g3 Nf6 4. Bg2 Be7 5. O-O O-O 6. d4 dxc4 7. Qc2 a6 8. a4
Bd7 9. Ne5 Nc6 10. Qxc4 Nxe5 11. dxe5 Nd5 12. Nc3 c6 13. a5 Qc7 14. e4 Nb4 15.
Rd1 Rfd8 16. Be3 Nc2 17. Bb6 Qxe5 18. Rac1 Nb4 19. Bxd8 Rxd8 20. Na4 c5 21. Nb6
Bc6 22. Rxd8+ Bxd8 23. Qxc5 Qxb2 24. Rd1 Bxb6 25. Qxb6 h6 26. e5 Qxe5 27. Qxb4
Bxg2 28. Kxg2 1-0

[Event "chess.com SpeedChess Q2Sw"]
[Site "chess.com INT"]
[Date "2022.11.12"]
[Round "6"]
[White "Crevatin, Leo"]
[Black "Azarov, Sergei"]
[Result "0-1"]
[WhiteTitle "FM"]
[BlackTitle "GM"]
[WhiteElo "2301"]
[BlackElo "2562"]
[WhiteFideId "1726307"]
[BlackFideId "13501470"]
[EventDate "2022.11.12"]

1. e4 e5 2. Nc3 Nf6 3. d4 exd4 4. Qxd4 Nc6 5. Qd3 Bb4 6. Ne2 O-O 7. Bg5 h6 8.
Bh4 Re8 9. O-O-O Ne5 10. Qd4 c5 11. Qe3 b6 12. Nd5 Nxd5 13. exd5 Qxh4 14. f4 d6
15. fxe5 Rxe5 16. Qd3 Bf5 17. Qb5 Qf2 18. a3 Ba5 19. b4 cxb4 20. axb4 Rc8 21. c4
Rxe2 22. Bxe2 Qxe2 0-1

[Event "chess.com SpeedChess Q2Sw"]
[Site "chess.com INT"]
[Date "2022.11.12"]
[Round "6"]
[White "Podobnik, Marijan"]
[Black "Mika, Tomasz"]
[Result "1/2-1/2"]
[WhiteTitle "FM"]
[BlackTitle "CM"]
[WhiteElo "2118"]
[BlackElo "2185"]
[WhiteFideId "14502151"]
[BlackFideId "1132970"]
[EventDate "2022.11.12"]

1. e4 c6 2. d4 d5 3. exd5 cxd5 4. c4 Nc6 5. cxd5 Qxd5 6. Nf3 e6 7. Be2 Bb4+ 8.
Nc3 Nf6 9. O-O Bxc3 10. bxc3 O-O 11. c4 Qd6 12. Be3 Rd8 13. h3 b6 14. Qa4 Bb7
15. Rfd1 Rac8 16. Rac1 Na5 17. Ne5 Nd7 18. c5 Qe7 19. Nxd7 Qxd7 20. Qxd7 Rxd7
21. cxb6 Rxc1 22. Rxc1 axb6 23. Rb1 Rd6 24. d5 Bxd5 25. Rxb6 Rxb6 26. Bxb6 Nc4
27. Bxc4 Bxc4 28. a4 f6 29. a5 Kf7 30. f4 e5 31. fxe5 fxe5 32. Kf2 Ke6 33. g3
Ba6 34. Ke3 g6 35. h4 1/2-1/2

[Event "chess.com SpeedChess Q2Sw"]
[Site "chess.com INT"]
[Date "2022.11.12"]
[Round "6"]
[White "Dubov, Daniil"]
[Black "Yu, Yangyi"]
[Result "1/2-1/2"]
[WhiteTitle "GM"]
[BlackTitle "GM"]
[WhiteElo "2708"]
[BlackElo "2716"]
[WhiteFideId "24126055"]
[BlackFideId "8603820"]
[EventDate "2022.11.12"]

1. d4 Nf6 2. Nf3 d5 3. c4 e6 4. g3 Be7 5. Bg2 O-O 6. O-O dxc4 7. Qc2 a6 8. a4
Bd7 9. Qxc4 Bc6 10. Bg5 Nbd7 11. Nc3 h6 12. Bxf6 Nxf6 13. Rfd1 a5 14. Ne5 Bxg2
15. Kxg2 c6 16. e3 Bb4 17. Qe2 Qe7 18. Qf3 Rfd8 19. h4 Rac8 20. Ne4 Nxe4 21.
Qxe4 Bd6 22. Nf3 Bb4 23. Rac1 Rd5 24. Ne5 Rcd8 25. Nf3 Qc7 26. Qc2 Qe7 27. Qe2
Qf6 28. b3 Qe7 29. Rd3 c5 30. Rcd1 cxd4 31. Rxd4 Rxd4 32. Rxd4 Rxd4 33. Nxd4 Bc5
34. Qb5 Bxd4 35. exd4 Qc7 36. d5 exd5 37. Qxd5 Kf8 1/2-1/2

[Event "chess.com SpeedChess Q2Sw"]
[Site "chess.com INT"]
[Date "2022.11.12"]
[Round "6"]
[White "Yanchenko, Roman"]
[Black "Novik, Maxim"]
[Result "1-0"]
[WhiteTitle "FM"]
[BlackTitle "GM"]
[WhiteElo "2467"]
[BlackElo "2412"]
[WhiteFideId "4137329"]
[BlackFideId "4102924"]
[EventDate "2022.11.12"]

1. d4 Nf6 2. Nf3 g6 3. c4 Bg7 4. Nc3 d5 5. Bf4 O-O 6. c5 b6 7. b4 a5 8. cxb6
cxb6 9. bxa5 bxa5 10. e3 a4 11. Bd3 Qa5 12. Qd2 Ba6 13. O-O Rc8 14. Rfc1 Bxd3
15. Qxd3 Na6 16. a3 Rab8 17. Bxb8 Rxb8 18. Rab1 Rb3 19. Rxb3 axb3 20. Rb1 Qxa3
21. Qd1 b2 22. Qc2 Nc7 23. Qxb2 Qxb2 24. Rxb2 e6 25. Rb7 Nce8 26. Nb5 Ne4 27.
Rb8 Kf8 28. Nc7 Nd6 29. Ne5 Ke7 30. Nxe8 Nxe8 31. Rb7+ 1-0

[Event "chess.com SpeedChess Q2Sw"]
[Site "chess.com INT"]
[Date "2022.11.12"]
[Round "6"]
[White "Firat, Burak"]
[Black "Shankland, Sam"]
[Result "1-0"]
[WhiteTitle "GM"]
[BlackTitle "GM"]
[WhiteElo "2460"]
[BlackElo "2710"]
[WhiteFideId "6305881"]
[BlackFideId "2004887"]
[EventDate "2022.11.12"]

1. e4 c5 2. Nf3 d6 3. d4 cxd4 4. Nxd4 Nf6 5. Nc3 Nc6 6. Bg5 e6 7. Qd2 a6 8.
O-O-O Bd7 9. f3 Nxd4 10. Qxd4 Be7 11. h4 b5 12. a3 Qc7 13. g4 O-O 14. Be3 Rfc8
15. g5 Nh5 16. Rh2 Rab8 17. Qa7 Qc6 18. Bd3 Rb7 19. Qd4 a5 20. Nd5 exd5 21. exd5
Qc5 22. Qe4 Bf5 23. Qxf5 Qxe3+ 24. Kb1 1-0

[Event "chess.com SpeedChess Q2Sw"]
[Site "chess.com INT"]
[Date "2022.11.12"]
[Round "6"]
[White "Fridman, Daniel"]
[Black "Dauner, Benedikt"]
[Result "1-0"]
[WhiteTitle "GM"]
[BlackTitle "FM"]
[WhiteElo "2602"]
[BlackElo "2336"]
[WhiteFideId "11600454"]
[BlackFideId "16225899"]
[EventDate "2022.11.12"]

1. d4 Nf6 2. Nf3 c5 3. d5 g6 4. Nc3 Bg7 5. e4 d6 6. h3 O-O 7. Bd3 a6 8. a4 e6 9.
O-O exd5 10. exd5 Nbd7 11. Nd2 Ne5 12. Be2 g5 13. a5 Bf5 14. Ra4 Bg6 15. Nc4
Nxc4 16. Rxc4 h6 17. f4 gxf4 18. Bxf4 Re8 19. Qd2 Kh7 20. Bh2 Nd7 21. Bxd6 Ne5
22. Bxe5 Bxe5 23. Bd3 Bd4+ 24. Rxd4 cxd4 25. Rxf7+ Kg8 26. Bxg6 dxc3 27. Qxc3
Re1+ 28. Qxe1 Qg5 29. Qe6 Kh8 1-0

[Event "chess.com SpeedChess Q2Sw"]
[Site "chess.com INT"]
[Date "2022.11.12"]
[Round "6"]
[White "Goltsev, Dmitry"]
[Black "Omariev, Maksim"]
[Result "1-0"]
[WhiteTitle "FM"]
[BlackTitle "FM"]
[WhiteElo "2232"]
[BlackElo "2304"]
[WhiteFideId "24176710"]
[BlackFideId "4193423"]
[EventDate "2022.11.12"]

1. e4 c5 2. Nf3 d6 3. d4 cxd4 4. Nxd4 Nf6 5. Nc3 a6 6. Be2 e6 7. Be3 Be7 8. O-O
O-O 9. f4 Qc7 10. Bf3 Nc6 11. Nb3 b6 12. g4 Bb7 13. g5 Nd7 14. Qe2 Rfe8 15. Rad1
Bf8 16. h4 b5 17. a3 b4 18. axb4 Nxb4 19. Kh1 g6 20. h5 Bg7 21. h6 Bh8 22. Qd2
Red8 23. Qxd6 Qxd6 24. Rxd6 Nxc2 25. Bf2 Nf8 26. Rfd1 Rxd6 27. Rxd6 Rb8 28. Kg1
Ba8 29. Nc5 Rxb2 30. Rd8 Bc6 31. Nd7 Bxd7 32. Bc5 Bg7 33. hxg7 Kxg7 34. Bxf8+
Kg8 35. Bh6+ 1-0

[Event "chess.com SpeedChess Q2Sw"]
[Site "chess.com INT"]
[Date "2022.11.12"]
[Round "6"]
[White "Rudykh, Stepan"]
[Black "Meier, Georg"]
[Result "0-1"]
[WhiteTitle "CM"]
[BlackTitle "GM"]
[WhiteElo "2218"]
[BlackElo "2615"]
[WhiteFideId "4180321"]
[BlackFideId "4675789"]
[EventDate "2022.11.12"]

1. e4 e6 2. d4 d5 3. Nd2 dxe4 4. Nxe4 Nd7 5. Bd3 Ngf6 6. Qe2 c5 7. Nf3 cxd4 8.
Nxd4 Nxe4 9. Qxe4 Nc5 10. Qe3 Be7 11. Be2 O-O 12. Bf3 e5 13. Nb3 e4 14. Bxe4
Nxe4 15. Qxe4 Re8 16. O-O Bf6 17. Qf3 a5 18. c3 a4 19. Nc5 Qc7 20. Ne4 Be5 21.
h3 Bd7 22. Ng3 Bc6 23. Qg4 Re6 24. f4 Rg6 25. Qh4 Bf6 0-1

[Event "chess.com SpeedChess Q2Sw"]
[Site "chess.com INT"]
[Date "2022.11.12"]
[Round "6"]
[White "Chen, Minda"]
[Black "Pham, Le Thao Nguyen"]
[Result "0-1"]
[WhiteTitle "WFM"]
[BlackTitle "IM"]
[WhiteElo "1802"]
[BlackElo "2369"]
[WhiteFideId "30937000"]
[BlackFideId "12401226"]
[EventDate "2022.11.12"]

1. d4 g6 2. c4 Bg7 3. Nc3 d6 4. e4 Nf6 5. Be2 O-O 6. Be3 b6 7. g4 c5 8. d5 Nfd7
9. h4 e5 10. dxe6 fxe6 11. Qxd6 Ne5 12. Qxd8 Rxd8 13. Rd1 Rxd1+ 14. Kxd1 Ba6 15.
Nb5 Nbc6 16. a3 Na5 17. Kc2 Naxc4 18. Bxc4 Nxc4 19. Nc7 Bb7 20. Nxa8 Bxe4+ 21.
Kb3 Na5+ 22. Ka2 Bd5+ 23. Kb1 Be4+ 24. Kc1 Bxh1 25. Nc7 Kf7 26. Nb5 a6 27. Nd6+
Ke7 28. Ne4 Bxe4 0-1

[Event "chess.com SpeedChess Q2Sw"]
[Site "chess.com INT"]
[Date "2022.11.12"]
[Round "6"]
[White "Goltseva, Ekaterina"]
[Black "Sreyas, Payyappat"]
[Result "0-1"]
[WhiteTitle "FM"]
[BlackTitle "FM"]
[WhiteElo "2265"]
[BlackElo "2145"]
[WhiteFideId "24173770"]
[BlackFideId "46674969"]
[EventDate "2022.11.12"]

1. d4 Nf6 2. Nf3 c5 3. c3 g6 4. g3 Bg7 5. Bg2 cxd4 6. cxd4 O-O 7. O-O d5 8. Nc3
Nc6 9. Ne5 Bf5 10. Bf4 e6 11. Nxc6 bxc6 12. b4 Nh5 13. Be3 Qb6 14. a3 Nf6 15.
Na4 Qb5 16. Nc5 a5 17. Qd2 axb4 18. axb4 Ng4 19. f4 Nxe3 20. Qxe3 Qxb4 21. Kh1
Rxa1 22. Rxa1 Bxd4 0-1

[Event "chess.com SpeedChess Q2Sw"]
[Site "chess.com INT"]
[Date "2022.11.12"]
[Round "6"]
[White "Freile Martin, Javier"]
[Black "Singh, Arvinder Preet"]
[Result "1-0"]
[WhiteTitle "FM"]
[BlackTitle "FM"]
[WhiteElo "2329"]
[BlackElo "2148"]
[WhiteFideId "3600165"]
[BlackFideId "5013240"]
[EventDate "2022.11.12"]

1. c4 g6 2. d4 f5 3. Nc3 Nf6 4. Nf3 Bg7 5. g3 O-O 6. Bg2 d6 7. d5 c6 8. O-O e5
9. dxe6 Bxe6 10. Qa4 Nbd7 11. Ng5 Nc5 12. Nxe6 Nxa4 13. Nxd8 Nxc3 14. Ne6 Nxe2+
15. Kh1 Rfe8 16. Nc7 Nxc1 17. Raxc1 Rac8 18. Nxe8 Rxe8 19. Rfe1 Rxe1+ 20. Rxe1
Kf7 21. b3 Nd7 22. f4 a5 23. Bf3 Nc5 24. Kg2 Bc3 25. Re2 Bb4 26. h3 a4 27. g4
axb3 28. axb3 Nxb3 29. Rb2 fxg4 30. hxg4 1-0

[Event "chess.com SpeedChess Q2Sw"]
[Site "chess.com INT"]
[Date "2022.11.12"]
[Round "6"]
[White "Kabanova, Ekaterina"]
[Black "Selkirk, Rebecca"]
[Result "1-0"]
[WhiteTitle "WFM"]
[BlackTitle "WCM"]
[WhiteElo "2088"]
[BlackElo "1674"]
[WhiteFideId "24112917"]
[BlackFideId "14306514"]
[EventDate "2022.11.12"]

1. c4 c6 2. Nf3 d5 3. b3 Nf6 4. Bb2 Nbd7 5. d3 g6 6. g3 Bg7 7. Bg2 O-O 8. O-O
Qc7 9. Nbd2 e5 10. Rc1 d4 11. e4 Nc5 12. Qe2 Bg4 13. Ba3 Qa5 14. Bxc5 Qxc5 15.
h3 Bxf3 16. Bxf3 Qa3 17. Rc2 c5 18. Bg4 h5 19. Bf3 Nd7 20. Bg2 Nb8 21. f4 Nc6
22. f5 Nb4 23. Nb1 Qa5 24. Rb2 Bh6 25. Bf3 Be3+ 26. Kh2 b5 27. a3 Nc6 28. Bxh5
bxc4 29. bxc4 Rab8 30. Rxb8 Rxb8 31. fxg6 fxg6 32. Bxg6 Rb7 33. Qg4 Rg7 34. Qe6+
Kh8 35. Rf8+ 1-0

[Event "chess.com SpeedChess Q2Sw"]
[Site "chess.com INT"]
[Date "2022.11.12"]
[Round "6"]
[White "Borisova, Ekaterina"]
[Black "Ter-Sahakyan, Samvel"]
[Result "1-0"]
[WhiteTitle "FM"]
[BlackTitle "GM"]
[WhiteElo "2223"]
[BlackElo "2605"]
[WhiteFideId "34124184"]
[BlackFideId "13302531"]
[EventDate "2022.11.12"]

1. d4 Nf6 2. c4 e6 3. Nc3 Bb4 4. f3 c5 5. d5 b5 6. e4 d6 7. Ne2 bxc4 8. Nf4 e5
9. Ne2 Nbd7 10. Ng3 Nb6 11. Be2 Ng8 12. O-O Ne7 13. f4 exf4 14. Bxf4 O-O 15. Nb5
Bd7 16. Nxd6 Ng6 17. Nxc4 Nxf4 18. Rxf4 Qg5 19. Rf2 Nxc4 20. Bxc4 Ba5 21. Kh1
Rae8 22. d6 Qe5 23. Qf1 Be6 24. Rd1 Rd8 25. Nf5 Kh8 26. h3 Qxe4 27. b3 Bc3 28.
Rf4 Qe5 29. Rf3 Bd4 30. Re1 Bxc4 31. bxc4 Qf6 32. Nxd4 Qxd4 33. Rd1 Qe5 34. Rxf7
Rxf7 35. Qxf7 Qe2 36. Qd5 Qxa2 37. Qxc5 Qa4 38. Re1 1-0

[Event "chess.com SpeedChess Q2Sw"]
[Site "chess.com INT"]
[Date "2022.11.12"]
[Round "6"]
[White "Oparin, Grigoriy"]
[Black "Tokhirjonova, Gulrukhbegim"]
[Result "1-0"]
[WhiteTitle "GM"]
[BlackTitle "WGM"]
[WhiteElo "2683"]
[BlackElo "2328"]
[WhiteFideId "24125890"]
[BlackFideId "14203626"]
[EventDate "2022.11.12"]

1. Nf3 d5 2. g3 Nf6 3. Bg2 g6 4. c4 Bg7 5. cxd5 Nxd5 6. O-O O-O 7. d4 Nb6 8. Nc3
Nc6 9. e3 e5 10. d5 Na5 11. e4 c6 12. Bg5 Qd7 13. Re1 h6 14. Be3 Nac4 15. Bc5
Rd8 16. dxc6 bxc6 17. b3 Nb2 18. Qc2 Nd3 19. Red1 Nxc5 20. Rxd7 Bxd7 21. Rd1 Bg4
22. h3 Bxf3 23. Bxf3 Ne6 24. Ne2 c5 25. Bg4 Nd4 26. Nxd4 cxd4 27. h4 h5 28. Bh3
Bf8 29. Qe2 a5 30. Qb5 Rdb8 31. Qxe5 Bg7 32. Qc7 a4 33. e5 axb3 34. axb3 Nd5 35.
Qc4 Nc3 36. Rxd4 Bxe5 37. Qxc3 Bxd4 38. Qxd4 Rxb3 39. Bf1 Rab8 40. Bc4 R3b7 41.
Qf6 Kf8 42. Bxf7 Rxf7 43. Qh8+ Ke7 44. Qxb8 Kf6 45. Qb2+ Ke7 46. Qe5+ Kf8 47.
Qh8+ Ke7 48. Kg2 Rf6 49. Qg7+ Ke6 50. f3 Kf5 51. g4+ hxg4 52. fxg4+ Ke6 53. g5 1-0

[Event "chess.com SpeedChess Q2Sw"]
[Site "chess.com INT"]
[Date "2022.11.12"]
[Round "6"]
[White "Primbetov, Kazbek"]
[Black "Fernandez Siles, Luis"]
[Result "0-1"]
[WhiteTitle "FM"]
[BlackTitle "FM"]
[WhiteElo "2156"]
[BlackElo "2220"]
[WhiteFideId "13702297"]
[BlackFideId "2209420"]
[EventDate "2022.11.12"]

1. d4 Nf6 2. Nf3 g6 3. Nc3 d5 4. Bg5 Bg7 5. e3 O-O 6. Bd3 c6 7. O-O Bf5 8. Be2
Ne4 9. Nxe4 Bxe4 10. Nd2 Bf5 11. c4 f6 12. Bh4 g5 13. Bg3 e5 14. cxd5 cxd5 15.
Qb3 Rf7 16. dxe5 fxe5 17. e4 Be6 18. exd5 Bxd5 19. Bc4 Bxc4 20. Nxc4 Nc6 21.
Rad1 Nd4 22. Qe3 Rd7 23. Nxe5 Rd5 24. Nc4 Nf5 25. Qe6+ Kh8 26. Rxd5 Qe7 27. Qxf5
Rf8 0-1

[Event "chess.com SpeedChess Q2Sw"]
[Site "chess.com INT"]
[Date "2022.11.12"]
[Round "6"]
[White "Rasulov, Vugar"]
[Black "Pranav, V"]
[Result "0-1"]
[WhiteTitle "GM"]
[BlackTitle "IM"]
[WhiteElo "2525"]
[BlackElo "2548"]
[WhiteFideId "13402390"]
[BlackFideId "25060783"]
[EventDate "2022.11.12"]

1. e4 e5 2. Nf3 Nc6 3. Nc3 Nf6 4. d4 exd4 5. Nxd4 Bb4 6. Nxc6 bxc6 7. Bd3 d6 8.
O-O Ng4 9. Ne2 O-O 10. Ng3 Bc5 11. Be2 Nxh2 12. Kxh2 Qh4+ 13. Kg1 Qxg3 14. b4
Bb6 15. a4 a5 16. Ra3 Qg6 17. b5 cxb5 18. axb5 Bb7 19. Rh3 Bxe4 20. Rh2 Bxc2 21.
Qd2 a4 22. Bb2 a3 23. Ba1 Rfe8 24. Bh5 Qd3 25. Qg5 Bd4 26. Rh3 Qxf1+ 27. Kxf1
Bxa1 28. Bxf7+ Kxf7 29. Qd5+ Ke7 30. b6 Be5 31. b7 a2 32. bxa8=Q Rxa8 33. Qxa8
a1=Q+ 34. Qxa1 Bxa1 35. Ke2 Bf6 36. Ra3 c5 37. f4 h5 38. Kd2 Bf5 39. g3 d5 40.
Ra7+ Kd6 41. Ra6+ Kd7 42. Ke3 d4+ 0-1

[Event "chess.com SpeedChess Q2Sw"]
[Site "chess.com INT"]
[Date "2022.11.12"]
[Round "6"]
[White "Kleiman, Jake"]
[Black "Samsonkin, Artiom"]
[Result "0-1"]
[WhiteTitle "IM"]
[BlackTitle "IM"]
[WhiteElo "2399"]
[BlackElo "2421"]
[WhiteFideId "2020041"]
[BlackFideId "13503111"]
[EventDate "2022.11.12"]

1. e4 c5 2. c3 e6 3. d4 d5 4. exd5 exd5 5. Nf3 Nc6 6. Bb5 Bd6 7. dxc5 Bxc5 8.
O-O Ne7 9. Nbd2 O-O 10. Nb3 Bb6 11. Bd3 Nf5 12. Re1 h6 13. Bf4 Qf6 14. Qd2 Be6
15. Rad1 Rfe8 16. Ne5 g5 17. Nxc6 gxf4 18. Bxf5 Bxf5 19. Ncd4 Bg4 20. Rxe8+ Rxe8
21. Re1 Rxe1+ 22. Qxe1 f3 23. g3 a5 24. Qe3 Qg6 25. h3 Qb1+ 26. Kh2 Qf1 27. Qe8+
Kg7 28. Qe5+ Kh7 29. Nxf3 Qxf2+ 0-1